| 000 | 00424nam a2200157Ia 4500 | ||
|---|---|---|---|
| 008 | 221030s9999 xx 000 0 und d | ||
| 020 | _a8187433035 | ||
| 041 | _aEnglish | ||
| 100 | _aA. Sharma | ||
| 245 | 0 |
_aModern Electronic Communication : Principles & Practics _cby A. Sharma, R. K. Sinha |
|
| 260 |
_bDhanpat Rai & Co _aNew Delhi _c1999 |
||
| 300 | _a623 | ||
| 650 | _aBB ECE | ||
| 700 | _aR. K. Sinha | ||
| 942 | _cBK | ||
| 999 |
_c15547 _d15547 |
||